Statistics for Countries A-Z by Lowest Number of Google Results

Click here to take the quiz!

General Stats

  • This quiz has been taken 607 times
  • The average score is 12 of 24

Answer Stats

Millions of
Google Results
Country% Correct
Y274Yemen
90%
O336Oman
86%
Q447Qatar
84%
Z280Zambia
83%
V118Vatican City
64%
A149Antigua and Barbuda
63%
J469Jamaica
59%
U236Uzbekistan
56%
H346Haiti
54%
R226Rwanda
52%
F40Federated States
of Micronesia
50%
B200Bhutan
49%
K84Kosovo
47%
E72East Timor
44%
I305Iceland
42%
D159Democratic Republic
of the Congo
38%
M192Marshall Islands
38%
G201Guinea Bissau
37%
T183Tajikistan
37%
L193Liberia
31%
P200Papua New Guinea
28%
N161North Korea
21%
S95South Sudan
19%
C108Cote d'Ivoire
18%

Score Distribution

Percentile by Number Answered

Percent of People with Each Score

Your Score History

You have not taken this quiz